Uporjadočennyje topologičeskije prostranstva

Gespeichert in:
Bibliographische Detailangaben
1. Verfasser: Chalimskij, E.D (Verfasst von)
Format: Buch
Sprache:Russisch
Veröffentlicht: Kijev : Naukova dumka, 1977
Tags: Tag hinzufügen
Keine Tags, Fügen Sie das erste Tag hinzu!

MARC

LEADER 00000nam a22000003a 4500
001 stu201427
005 20150617225734.4
008 100323s1977----xxr-----------------rus-d
040 |a STU  |b slo 
041 0 |a rus 
044 |a xxr 
080 |a 614.72 
100 1 |a Chalimskij, E.D.  |4 aut 
245 1 |a Uporjadočennyje topologičeskije prostranstva 
260 |a Kijev :  |b Naukova dumka,  |c 1977 
300 |a 90 s 
996 |b E40582  |c E*40582  |l EE03  |s P  |a 0  |w stu201427_0002